000 00432nam a2200181Ia 4500
008 230524s9999 xx 000 0 und d
020 _a8121925371
082 _a640.153
_bKHA
100 _aR.S.Khurmi
245 2 _aA Text Book of Machine Design
250 _aIST
260 _aNEW DELHI
_bS.Chand
_c2008
300 _aXVI;1230
500 _aQuantity Number: 62
650 _aMechanics
700 _a J.K.Gupta
942 _cBK
999 _c41530
_d41530